000 00625cab a2200217 4500
001 ABS47763
008 090401t1992 xxu||||| |||| 00| 0 eng d
035 _a(Sirsi) u63353
041 _aeng
100 _aDe Groot, L.
245 _aCity Challenge : competing in the urban regeneration game
260 _c1992
350 _a0
490 _aLocal Economy
_v7(3) November 1992, 196-209(7)
520 _aReviews the impact of the City Challenge initiative. Details the Deptford City Challenge bid.
650 _aCITY CHALLENGE
650 _aDEPTFORD
690 _aURBAN RENEWAL
942 _n0
948 _c04/03/1997
999 _c39387
_d39387